| 000 | 00694nam a22002057a 4500 | ||
|---|---|---|---|
| 005 | 20240802115227.0 | ||
| 010 | _aENG-141135 | ||
| 020 |
_a9789390951284 _c500.00 |
||
| 035 | _aEN-124667 | ||
| 037 | _bDBAD | ||
| 082 | _a322.3 | ||
| 245 |
_aIndian Business @75: _bDIfferent Aspects/ _cEdited By Sahana Ghosh; Meenakshi Khemka [and] Tarak Nath Sahu |
||
| 260 |
_aNew Delhi _bAllied Publishers _c2022 |
||
| 270 |
_a1/13-14 Asaf Ali Road _bNew Delhi _e110002 |
||
| 300 |
_a117p.xiv, _bill. _c22cm(pbk) |
||
| 700 |
_aGhosh, Sahana _eEditor _969279 |
||
| 700 |
_aKhemka, Meenakshi _eEditor _969280 |
||
| 700 |
_aSahu, Tarak Nath _eEditor _969281 |
||
| 942 |
_2ddc _cEN _h322.3 _mIND |
||
| 999 |
_c204715 _d204715 |
||